Romantic Comedies By Their Cast - Statistics

General Stats
  • This quiz has been taken 202 times
  • The average score is 11 of 15
Answer Stats
Cast Movie % Correct
Heath Ledger and Julia Stiles 10 Things I Hate About You
89%
Richard Gere and Julia Roberts Pretty Woman / Runnaway Bride
86%
Julia Roberts and Hugh Grant Notting Hill
83%
Kate Hudson and Matthew McConaughey How To Lose a Guy in 10 Days
82%
Sandra Bullock and Ryan Reynolds The Proposal
82%
Ryan Gosling and Rachel McAdams The Notebook
80%
Hugh Grant, Colin Firth, Keira Knightley, Liam Neeson, Emma Thompson... Love Actually
79%
Tom Hanks and Meg Ryan Sleepless in Seattle / You've Got Mail
74%
Renée Zellweger, Colin Firth and Hugh Grant Bridget Jones's Diary
71%
Steve Carell, Ryan Gosling, Emma Stone and Julianne Moore Crazy, Stupid, Love
68%
Meg Ryan and Billy Crystal When Harry Met Sally...
67%
Anne Hathaway and Julie Andrews The Princess Diaries
66%
Jennifer Lopez and Matthew McConaughey The Wedding Planner
59%
Julia Roberts, Dermot Mulroney, Cameron Diaz, Rupert Everett My Best Friend's Wedding
49%
Sandra Bullock and Bill Pullman While You Were Sleeping
37%
No matching quizzes found
Score Distribution
Percent of People with Each Score
Percentile by Number Answered
Your Score History
You have not taken this quiz